Miasta Małopolski - Statystyki

Ogólne statystyki
  • Ten quiz został rozwiązany 81 razy
  • Średni wynik to 20 z 39
Statystyki odpowiedzi
Miasto Ludność % Poprawnych
Kraków 803 282
100%
Tarnów 103 960
88%
Zakopane 25 389
85%
Nowy Sącz 80 587
83%
Bochnia 28 692
77%
Nowy Targ 33 103
77%
Wieliczka 27 362
71%
Olkusz 32 670
67%
Częstochowa 208 282
65%
Oświęcim 36 048
65%
Kielce 183 885
63%
Lublin 331 991
60%
Radom 197 848
60%
Chrzanów 34 387
56%
Dębica 43 301
54%
Bielsko-Biała 166 765
52%
Jaworzno 87 552
52%
Dąbrowa Górnicza 114 765
50%
Sosnowiec 189 178
50%
Tarnobrzeg 44 156
50%
Gorlice 25 818
48%
Mielec 57 363
48%
Ostrowiec Świętokrzyski 62 980
48%
Starachowice 44 992
46%
Żywiec 29 878
46%
Jasło 33 100
44%
Puławy 44 504
44%
Stalowa Wola 55 846
44%
Skarżysko-Kamienna 41 793
42%
Zawiercie 46 727
37%
Będzin 54 322
35%
Kraśnik 33 382
33%
Myszków 29 717
31%
Siedlce 75 623
27%
Tomaszów Mazowiecki 58 089
27%
Świdnik 38 174
25%
Biłgoraj 25 838
23%
Czeladź 30 165
23%
Łuków 27 569
23%
Nie znaleziono quizów pasujących do podanych kryteriów
Rozkład punktacji
Procent ludzi z każdym wynikiem
Percentyl według liczby udzielonych odpowiedzi
Twoja historia wyników
Nie rozwiązałeś tego quizu